01151nam a2200193Ia 4500001001100000003001000011008004100021040002500062041001300087100002800100245003000128250001100158260008500169300002700254500026400281501011400545520026400659650003400923L251-17279IT-CnALBA170116s9999||||xx |||||||||||||| ||und|| aIT-CnALBAcIT-CnALBA aITALIANO aSAGRINI P. TIBERIO, SJ. 0aPREDICHE MORALI. VOL. I.  a1a ed. a TORINO - ROMAbMARIETTI EDITORE c1872 [1° Ed.:1872 - Ed.Ling.Originale: 1872] a520 p. (prefazione: 1) aSPIRITO DEL VANGELO E SPIRITO DEL SECOLO. RELIGIONE, PROBITA' E SOCIETÀ. LEGGE DIVINA, IMMUTABILE. FEDE E INCREDULITA'. CHIESA, MADRE. VARI MEMBRI. SACERDOZIO. DIVINA PROVVIDENZA. LIBERTÀ DI PENSIERO. PRUDENZA VERA. GIUSTI E MALVAGI. TRIBOLAZIONI. TENTAZI aSocietà San Paolo EM - Piazza San Paolo, 14 - 12051 ALBA (CN) (non commercial uses only) ® Copyright 2017 aSPIRITO DEL VANGELO E SPIRITO DEL SECOLO. RELIGIONE, PROBITA' E SOCIETÀ. LEGGE DIVINA, IMMUTABILE. FEDE E INCREDULITA'. CHIESA, MADRE. VARI MEMBRI. SACERDOZIO. DIVINA PROVVIDENZA. LIBERTÀ DI PENSIERO. PRUDENZA VERA. GIUSTI E MALVAGI. TRIBOLAZIONI. TENTAZI aPREDICAZIONE - ORATORIA SACRA